Человек перед лицом неопределенности (Запись № 1168914)

Подробности
000 -МАРКЕР
контрольное поле 01722nam0a2200349 4500
001 - ИДЕНТИФИКАТОР ЗАПИСИ
контрольное поле RU\NLR\bibl\507698
005 - ИДЕНТИФИКАТОР ВЕРСИИ
контрольное поле 20260407094845.0
010 ## - МЕЖДУНАРОДНЫЙ СТАНДАРТНЫЙ НОМЕР КНИГИ (ISBN)
Номер (ISBN) 5-93972-278-4
Тираж 2000
035 ## - ДРУГИЕ СИСТЕМНЫЕ НОМЕРА
Идентификатор записи (NLR Aleph) 000500231
100 ## - ДАННЫЕ ОБЩЕЙ ОБРАБОТКИ
Данные общей обработки 20040405d2003 |||y0rusy50 ca
101 1# - ЯЗЫК РЕСУРСА
Язык текста, звукозаписи и т.д. русский
Язык оригинала французский
102 ## - СТРАНА ПУБЛИКАЦИИ ИЛИ ПРОИЗВОДСТВА
Страна публикации Российская Федерация
105 ## - ПОЛЕ КОДИРОВАННЫХ ДАННЫХ: ТЕКСТОВЫЕ МАТЕРИАЛЫ, МОНОГРАФИЧЕСКИЕ
Кодированные данные о монографическом текстовом документе y |||||||||
200 1# - ЗАГЛАВИЕ И СВЕДЕНИЯ ОБ ОТВЕТСТВЕННОСТИ
Основное заглавие Человек перед лицом неопределенности
Сведения, относящиеся к заглавию [Сб. докл., представл. на семинаре Брюссел. свобод. ун-та "Науч. мысль" в 1997 г.]
Первые сведения об ответственности Пер. с фр. В.В. Шуликовской
Последующие сведения об ответственности Илья Пригожин (ред.)
210 ## - ПУБЛИКАЦИЯ, РАСПРОСТРАНЕНИЕ И ДР.
Место издания, распространения и т.д. М.
-- Ижевск
Имя издателя, распространителя и т. д. Ин-т компьютер. исслед.
Дата издания, распространения и т.д. 2003
215 ## - ФИЗИЧЕСКАЯ ХАРАКТЕРИСТИКА
Специфическое обозначение материала и объем 303 с.
Размеры 20
225 1# - СЕРИЯ
Основное заглавие серии Programme A. Pouchkine
300 ## - ОБЩИЕ ПРИМЕЧАНИЯ
Текст примечания Загл. ориг.: L'Homme devant l'incertain
320 ## - ПРИМЕЧАНИЯ О НАЛИЧИИ В ДОКУМЕНТЕ БИБЛИОГРАФИИ / УКАЗАТЕЛЯ
Текст примечания Библиогр. в конце ст.
454 #0 - ОРИГИНАЛ (ПЕРЕВОДА)
Встроенное поле 2001#$aL'Homme devant l'incertain
Заглавие L'Homme devant l'incertain
606 0# - НАИМЕНОВАНИЕ ТЕМЫ КАК ПРЕДМЕТ
Наименование темы Естественно-научное познание
Формальный подзаголовок Съезды, совещания и т.п.
Системный номер авторитетной/нормативной записи 1992084
Идентификатор авторитетной/нормативной записи RU\NLR\auth\66914680
606 0# - НАИМЕНОВАНИЕ ТЕМЫ КАК ПРЕДМЕТ
Наименование темы Существование человека
Формальный подзаголовок Сборники
Системный номер авторитетной/нормативной записи 1301747
Идентификатор авторитетной/нормативной записи RU\NLR\auth\66539219
686 ## - ИНДЕКСЫ ДРУГИХ КЛАССИФИКАЦИЙ
Индекс Б.в51я431
686 ## - ИНДЕКСЫ ДРУГИХ КЛАССИФИКАЦИЙ
Индекс Ю216я43
702 #1 - ИМЯ ЛИЦА - ВТОРИЧНАЯ ОТВЕТСТВЕННОСТЬ
Код отношения Редактор
Графика поля Кириллица
Материалы, к которым относится поле rus
Начальный элемент ввода Пригожин
Часть имени, кроме начального элемента ввода И. P.
Даты 1917-2003
Расширение инициалов личного имени Илья Романович
Системный номер авторитетной/нормативной записи 14720
Идентификатор авторитетной/нормативной записи RU\NLR\auth\7731710
711 02 - НАИМЕНОВАНИЕ ОРГАНИЗАЦИИ - АЛЬТЕРНАТИВНАЯ ОТВЕТСТВЕННОСТЬ
Начальный элемент ввода Свободный университет
Структурное подразделение Семинар "Научная мысль"
-- Сессия
Идентифицирующий признак Брюссель
Дата проведения временной организации 1997
Системный номер авторитетной/нормативной записи 605867
Идентификатор авторитетной/нормативной записи RU\NLR\AUTH\8810052721
801 #0 - ИСТОЧНИК ЗАПИСИ
Страна Российская Федерация
Организация NLR
Дата составления 20040405
Правила каталогизации PSBO
801 #1 - ИСТОЧНИК ЗАПИСИ
Страна Российская Федерация
Организация NLR
Дата составления 20040405
942 ## - ДОПОЛНИТЕЛЬНЫЕ ЭЛЕМЕНТЫ ЗАПИСИ (АБИС)
Тип экземпляра АБИС Книга
980 ## - КОЛЛЕКЦИЯ
Название коллекции Национальная библиография
Экземпляры
Тип экземпляра Дата поступления Источник поступления Стоимость Библиотека постоянного хранения Библиотека текущего хранения Место хранения Шифр хранения Штрих-код Статус экземпляра
Книга 05.04.2004 Покупка 118.00 РНБ (Московский) РНБ (Московский) Русский книжный фонд: издания с 1957 года 2004-3/7142 1-1596638  
Книга 05.04.2004 Покупка 80.00 РНБ (Московский) РНБ (Московский) Обменный фонд обм 2017/466 664600  
Книга 06.03.2006 Дар   РНБ (Московский) РНБ (Московский) Русский книжный фонд: издания с 1957 года 2004-3/7142 2127669